000 00846 a2200217 4500
999 _c2043
_d2043
020 _a0821351591
050 0 0 _aHF2651.AGR 2003
100 _aIngco, Merlinda D.
_eeditor
245 0 0 _aAgriculture, trade, and the WTO in South Asia /
_cMerlinda D. Ingco, editor.
264 _aWashington
_bThe World Bank
_c2003
300 _axiv, 244 p.
_bill.
500 _aIncludes index
504 _aIncludes bibliographical references
650 0 _aTariff on farm produce
650 0 _aProduce trade
_xGovernment policy
650 0 _aFood industry and trade
_xGovernment policy
650 0 _aAgriculture and state
700 1 _aIngco, Merlinda D.
_eeditor
942 _2lcc
_cBK
_h2651
_iAGR
_kHF